<?xml version="1.0" encoding="UTF-8"?>
<marc:record xmlns:marc="http://www.loc.gov/MARC21/slim">
   <marc:leader>00000nam a2200000 a 4500</marc:leader>
   <marc:datafield ind1="1" ind2=" " tag="100">
      <marc:subfield code="a">Girsch, Michaela</marc:subfield>
      <marc:subfield code="4">aut</marc:subfield>
      <marc:subfield code="e">Verfasser/-in</marc:subfield>
   </marc:datafield>
   <marc:datafield ind1=" " ind2=" " tag="653">
      <marc:subfield code="a">Entgiftung</marc:subfield>
   </marc:datafield>
   <marc:datafield ind1=" " ind2=" " tag="653">
      <marc:subfield code="a">Heilpflanzen</marc:subfield>
   </marc:datafield>
   <marc:datafield ind1=" " ind2=" " tag="653">
      <marc:subfield code="a">Softcover / Ratgeber/Gesundheit/Alternative Heilverfahren</marc:subfield>
   </marc:datafield>
   <marc:datafield ind1="0" ind2="0" tag="245">
      <marc:subfield code="a">Entgiften mit Heilpflanzen</marc:subfield>
   </marc:datafield>
   <marc:datafield ind1="0" ind2="0" tag="245">
      <marc:subfield code="b">natürlich einfach gesund</marc:subfield>
   </marc:datafield>
   <marc:datafield ind1="0" ind2="0" tag="245">
      <marc:subfield code="c">Michaela Girsch</marc:subfield>
   </marc:datafield>
   <marc:datafield ind1=" " ind2="1" tag="264">
      <marc:subfield code="a">Stuttgart</marc:subfield>
      <marc:subfield code="b">Ulmer</marc:subfield>
      <marc:subfield code="c">2022</marc:subfield>
   </marc:datafield>
   <marc:datafield ind1="1" ind2=" " tag="520">
      <marc:subfield code="a">Angaben aus der Verlagsmeldung

Entgiften mit Heilpflanzen : Natürlich einfach gesund. Tee, Tinktur oder Saft? Finde deine Methode! / von Michaela Girsch

Entgiften hilft, die Selbstheilung zu aktivieren und gesund zu bleiben. Mit sanften Heilpflanzenkuren entschlacken Sie den Körper, fühlen sich wohler und gesünder. Dabei ist Entgiften mehr als die „Durchspülung“ der Nieren: Ganzheitliches Entschlacken spricht Leber, Darm, Niere, Lunge, Lymphsystem und Haut gleichermaßen an. In diesem Buch lernen Sie die verschiedenen ausleitenden Organe kennen und erhalten Vorschläge für bewährte Heilpflanzenkuren – mit Spielraum für individuelle Schwerpunkte. Dabei können Sie auf unterschiedlichste Zubereitungen zurückgreifen: Tees, Tinkturen, Pflanzenfrischsäfte, Arzneimittel – alles auf Basis hochwirksamer Heilpflanzen. Mit Rezepturen und Sammeltipps.
</marc:subfield>
   </marc:datafield>
   <marc:datafield ind1=" " ind2=" " tag="020">
      <marc:subfield code="a">9783818614515</marc:subfield>
      <marc:subfield code="9">9783818614515</marc:subfield>
   </marc:datafield>
   <marc:datafield ind1=" " ind2=" " tag="041">
      <marc:subfield code="a">ger</marc:subfield>
   </marc:datafield>
   <marc:datafield ind1=" " ind2=" " tag="300">
      <marc:subfield code="a">158 Seiten</marc:subfield>
   </marc:datafield>
</marc:record>
